| 000 | 00523nam a2200193Ia 4500 | ||
|---|---|---|---|
| 005 | 20250326144837.0 | ||
| 008 | 250326s9999 xx 000 0 und d | ||
| 020 | _a81-314-0204-5 | ||
| 037 | _aTextbook | ||
| 040 |
_aFMSL _beng _cFMSL |
||
| 041 |
_aeng _2eng |
||
| 084 |
_aX:74y7 P5.4 _qFMSL |
||
| 100 | _aICFAI | ||
| 245 | 0 |
_aCase studies in business strategy _cICFAI |
|
| 260 |
_aHederabad _bHederabad, ICFAI Centre _c2005 |
||
| 300 | _a303p | ||
| 942 |
_cTB _hX:74y7 P5.4 |
||
| 999 |
_c1305278 _d1305278 |
||